Wiedźmin: Miecz przeznaczenie - test z sagi - Statystyki

Ogólne statystyki
  • Ten quiz został rozwiązany 938 razy
    936 od ostatniego zresetowania
  • Średni wynik to 26 z 45
Statystyki odpowiedzi
Zagadnienie Odpowiedź % Poprawnych
Złotym smokiem okazał się? Borch Trzy Kawki
86%
Jak nazywał się złoty smok, który przybył pomóc rannej smoczycy i stawił czoła smokobócom? Villentretenmerth
83%
Jak miały na imię Zerrikanki, które towarzyszyły Borch Trzy Kawki? Vea i Tea
82%
Na jakiego stwora polował Geralt na śmietnisku w Aedd Gynvael? Zeugl
78%
Kto pomógł Geraltowi, Jaskrowi oraz eskorcie Borcha przeprawić się na drugi brzeg rzeki Braa? Dorregaray
77%
W walce na śmierć i życie o Yennefer pomiędzy Geraltem a Istreddem kto wyszedł zwycięsko z tego pojedynku? nikt gdyż Geralt spotkał się z Istreddem, ale nie podjął się walki
77%
W Bremervoord Jaskier wraz z Geraltem zostali zaproszeniu na wesele syna Drouharda, gdzie spotkali poetkę i śpiewaczkę Essi Daven, która zwana była: Oczko,
76%
Co znaczyło Aedd Gynvael z języka elfów na wspólny? Okruch lodu
76%
Kogo spotkali Geralt wraz z Jaskrem przy śniadaniu w karczmie pod Grotem Włóczni? kupca Biberveldta, który tak na prawdę nim nie był,
75%
Jak miał na imię książę, który zakochał się w syrenie Sh'eenaz? Agloval
73%
Jak mieli na imię Rębacze z Crinfrid, którzy przybyli na wezwanie króla Niedamira? Boholt, Zdzieblarz, Niszczuka,
71%
Co oznaczał zwrot Gwynbleidd? Biały Wilk
68%
Co stało się na tarasie gdy Geralt poszedł za Essi? Geralt pocałował Essi,
67%
Na jakiego stwora polował Geralt na początku opowiadania 'Granice możliwości' ? Bazyliszka
66%
Co Dudu zrobił z pieniędzmi Dintyego? kupił za nie koszenile, korę mimozową,olejek różany, tran,gliniane miski, wosk pszczeli,
66%
Jaki ptak przebywał w siedzibie Yennefer i Geralta w Aedd Gynvael? pustułka
65%
Co stało się z Essi Daven na końcu opowiadania? umarła na ospę,
65%
Kto spuścił linę by pomóc wydostać się Geraltowi i Yennefer z niebezpieczeństwa? Eyck z Denesle
62%
Z kim Geralt zostawił Ciri po wyjściu z lasu Brokilon? z Myszoworem
61%
Gdzie udali się Gerlat, Jaskier, Dudu oraz Dainty po wyjaśnieniu swoich spraw? do domu rozpusty 'Passifloty',
59%
Do kogo zwrócił się Dinty Biberveldt o pomoc w wyjaśnieniu sprawy ubicia przez niego świetnego interesu? do Vimme Vivaldiego,
59%
Kto lub co pomogło Geraltowi dotrzeć do Smoczych Kłów, by zbadać sprawę zabitych poławiaczy pereł? odpływ,
58%
Co stało się z syreną She'eenaz? zyskała nogi dla księcia,
57%
Jak miał na imię starosta Aedd Gynvael ? Herbolth
56%
Co było napisane na pucharze, w którym miała znajdowała się Woda Brokilonu mająca wyczyścić pamięć Ciri by ta stała się dridą? Miecz przeznaczenia ma dwa ostrza. Jednym jesteś ty.
56%
Jak nazywał się kupiec któremu pomógł Geralt ratując jego cały dobytek? Yurga
54%
Jaką propozycję złożył czarodziej Istredd dla Yennefer? zostania z nim na stałe,
53%
Jak miała na imię driada, która przeprawiała najpierw samego Geralta, później go wraz z Ciri do Eithne? Braenn
52%
Czym było to czego kupiec się nie spodziewał a zastał w domu, poproszony o danie mu tego przez Geralta? była to dziewczynka przygarnięta od druidów przez żonę kupca,
52%
Kogo znalazł rannego w wykrocie w lesie Brokilon? Freixeneta,
51%
W trakcie walki z wodnymi potworami Geralt uciekając i zatrzymując stwory przed uciekającym Jaskrem powiedział że pojedzie do ....? Yennefer by spróbować z nią raz jeszcze,
51%
Kim była Visenna? matką Geralta
50%
Kim był Tellico Lunngrevink Letorte? vexlingiem,
50%
Co sprowadzało Geralta do Novigradu? zakupy,
50%
W Duen Canell Geralt spotkał Freixeneta ponownie, skąd się oni znali? z Hamm, wiedźmin odczarował go z ptasiego uroku,
45%
Kogo miała poślubić Ciri? Kistrina
44%
W jakiej sprawie przyszedł Geralt do Pani Brokilonu Eithne? jako poseł króla Venzlava,
43%
O kim Geralt opowiedział bajkę Ciri oraz zaciekawioną nią Braenn o lisie i kocie,
42%
Z czego zasłynął Yarpen Zigrin? zabicia Ocvista z Kwarcowej Góry,
42%
Kto krył się pod imieniem Ivo Mirce? Cykada
41%
Jak brzmi ostatnie zdanie wypowiedziane do Ciri przez Geralta? Jesteś czymś więcej, Ciri. Czymś więcej.
41%
Jakich smokobójców ściągnął Niedamir? Rębaczy z Crinfrid, Eycka z Denesle, Yarpena Zigrina,
41%
Jaki stwór zaatakował Ciri w lesie Brokilon? yghern,
41%
Smoki właściwe poruszone w rozmowie Geralta z Borchem to: zielone, czerwone, czarne, białe,
34%
Kto był 14 czarodziejem który poległ w bitwie broniąc ludzi z Sodden i Zarzecza? Yoel Grethen z Carreras
17%
Nie znaleziono quizów pasujących do podanych kryteriów
Rozkład punktacji
Procent ludzi z każdym wynikiem
Percentyl według liczby udzielonych odpowiedzi
Twoja historia wyników
Nie rozwiązałeś tego quizu od ostatniego zresetowania